Fundamentals of pain medicine : (Record no. 62203)
[ view plain ]
| 000 -الفاتح | |
|---|---|
| حقل البيانات ثابتة الطول | 02416cam a2200361 i 4500 |
| 005 - وقت وتاريخ اخر تعامل مع التسجيلة | |
| رقم الضبط | 20240530110538.0 |
| 008 - عناصر البيانات ثابتة الطول - معلومات عامة | |
| حقل البيانات ثابتة الطول | 140108t20142014paua b 001 0 eng |
| 010 ## - | |
| -- | 2014000590 |
| 020 ## - الرقم الدولى المعيارى للكتب | |
| الرقم الدولى المعيارى للكتاب | 9781451144499 (hardback : alk. paper) |
| 020 ## - الرقم الدولى المعيارى للكتب | |
| الرقم الدولى المعيارى للكتاب | 1451144490 (hardback : alk. paper) |
| 035 ## - رقم ضبط النظام | |
| رقم ضبط النظام | (DNLM)101623337 |
| 040 ## - مصدر الفهرسة | |
| وكالة الفهرسة الأصلية | DNLM/DLC |
| وكالة النسخ | DLC |
| قواعد الوصف | rda |
| وكالة التعديل | DLC |
| 042 ## - | |
| -- | pcc |
| 050 00 - | |
| -- | RB127 |
| -- | .H673 2014 |
| 060 10 - | |
| -- | WL 704.6 |
| 082 00 - رقم تصنيف ديوى العشرى | |
| رقم الطبعة | 23 |
| رقم التصنيف | 616.0472\ |
| رقم المادة | H F |
| 100 1# - المدخل الرئيسى - إسم شخصى | |
| الإسم الشخصى | Hoppenfeld, J. D. |
| الشكل الأكمل للاسم | (Jon-David), |
| الدور | author. |
| 245 10 - بيان العنوان | |
| العنوان | Fundamentals of pain medicine : |
| بقية العنوان | how to diagnose and treat your patients / |
| بيان المسئوليه,etc | J.D. Hoppenfeld, MD, Interventional Pain Management, Southeast Pain Care, Charlotte, North Carolina. |
| 300 ## - الوصف المادى | |
| التعداد | xi, 275 pages : |
| تفاصيل ماديه اخرى للوعاء | illustrations (some color) ; |
| أبعاد الوعاء | 29 cm |
| 504 ## - تبصرة ببليوجرافية | |
| تبصرة ببليوجرافية,الخ | Includes bibliographical references and index. |
| 650 12 - المدخل الاضافى بالموضوع-مصطلح موضوعى | |
| مصطلح موضوعي | Pain Management. |
| 650 22 - المدخل الاضافى بالموضوع-مصطلح موضوعى | |
| مصطلح موضوعي | Pain |
| التقسيم الفرعي العام | diagnosis. |
| 942 ## - عناصر المدخل الإضافي( كوها) | |
| مصدر التصنيف او مخطط الترفيف | Dewey Decimal Classification |
| Koha [default] item type | كتاب |
| 264 #1 - | |
| -- | Philadelphia : |
| -- | Wolters Kluwer Health, |
| -- | [2014] |
| 336 ## - | |
| -- | text |
| -- | rdacontent |
| 337 ## - | |
| -- | unmediated |
| -- | rdamedia |
| 338 ## - | |
| -- | volume |
| -- | rdacarrier |
| 520 ## - التبصرة الخاصة بالتعليق أو التلخيص | |
| ملخص,الخ | "Some patients present with a primary complaint of pain while others complain of pain secondary to a more generalized disease process or procedure. As a healthcare professional, you are trained to diagnose the pathology and then treat it. A patient presents with pneumonia, your work-up supports the diagnosis; you treat it, then the patient gets better. However, another layer of patient care needs more focus in the medical community. If the patient with pneumonia complains of intercostal pain secondary to a violent cough, we have the ability to manage the symptoms of pain effectively, and should not hesitate to do so promptly. Our actions to alleviate pain will not hinder our ability to treat the underlying disease. Yet modern medicine often considers these goals mutually exclusive, with pain management a distance second. As medical professionals, when we have an incomplete understanding of how to treat a condition, we under treat it, erring on the side of do no harm. This book will give you the confidence to confront your patient's discomfort and succeed in conquering the pain"--Provided by publisher. |
| 906 ## - عنصر بيانات محلى F, LDF (RLIN) | |
| a | 7 |
| b | cbc |
| c | orignew |
| d | 1 |
| e | ecip |
| f | 20 |
| g | y-gencatlg |
| حالة التراجع | حالة الفقد | مصدر التصنيف او خطة الترفيف | حالة تلف | ليس للاعارة | المكان المؤقت | الموقع الحالى | تاريخ الاكتساب | اجمالي اﻻعارات | رقم الطلب | الباركود | تاريخ اخر مشاهدة | تاريخ تفعيل السعر | نوع وعاء كوها |
|---|---|---|---|---|---|---|---|---|---|---|---|---|---|
| ddc | مكتبة القاهرة الكبرى | مكتبة القاهرة الكبرى | 05/03/2016 | 616.0472\ H F | 161860 | 05/03/2016 | 05/03/2016 | كتاب |

